Revista Pro cultura / (Record no. 22120)

000 -CABECERA
fixed length control field 01210nam a22002177a 4500
003 - IDENTIFICADOR DEL NÚMERO DE CONTROL
control field AR-CdUCM
008 - DATOS DE LONGITUD FIJA--INFORMACIÓN GENERAL
fixed length control field 190429b ||||| |||| 00| 0 spa d
040 ## - FUENTE DE LA CATALOGACIÓN
Agencia/entidad que catalogó originalmente la obra MUNICIPALIDAD PROVINCIAL DEL CUSCO
Entidad que transcribió la catalogación BIBLIOTECA MUNICIPAL DEL CUSCO
082 ## - NÚMERO DE LA CLASIFICACIÓN DECIMAL DEWEY
No. de Clasificación Procultura/N°extra/2010
245 ## - MENCIÓN DE TÍTULO
Título Revista Pro cultura /
Mención de responsabilidad Sociedad Pro-Cultura Clorinda Matto de Turner
260 ## - PUBLICACIÓN, DISTRIBUCIÓN, ETC.
Lugar de publicación, distribución, etc. Cusco.
Nombre de la editorial, distribuidor, etc. Pantigozo,
Fecha de publicación, distribución, etc. 2010.
300 ## - DESCRIPCIÓN FÍSICA
Nº de Páginas Extensión 138 páginas. :
Otros detalles físicos ilustraciones ;
Dimensiones 30 cm.
440 ## - MENCIÓN DE SERIE/PUNTO DE ACCESO ADICIONAL--TÍTULO
Título Revista Pro cultura.
Número de la parte/sección de una obra Edición extraordinaria 2010.
9 (RLIN) 47482
505 ## - NOTA DE CONTENIDO CON FORMATO
Nota de contenido formateada Contenido: Conmemoración del Centenario de la muerte de Clorinda Matto de Turner 1909-2009. -- Homenaje de la Sociedad Pro cultura Clorinda Matto de Turner. Fundamento y objetivos de la conmemoración del centenario de la muerte de Clorinda Matto de Turner actividades desarrolladas. -- Foto aportes de Clorinda Matto de Turner al siglo XXI. -- Homenaje. -- Galería de Fotos.
650 ## - PUNTO DE ACCESO ADICIONAL DE MATERIA--TÉRMINO DE MATERIA
Descriptor Historia institucional
9 (RLIN) 47480
650 ## - PUNTO DE ACCESO ADICIONAL DE MATERIA--TÉRMINO DE MATERIA
Descriptor Clorinda Matto deTurner
9 (RLIN) 47481
710 ## - PUNTO DE ACCESO ADICIONAL--NOMBRE DE ENTIDAD CORPORATIVA
Nombre corporativo (En letras Mayúsculas) Sociedad Pro Cultura Clorinda Matto de Turner
9 (RLIN) 29944
942 ## - ELEMENTOS DE PUNTO DE ACCESO ADICIONAL (KOHA)
Fuente de clasificación
Tipo de item Revistas cusqueñas
945 ## - PROCESAMIENTO DE INFORMACIÓN LOCAL (OCLC)
Catalogador rac
Holdings
Estado de retiro (separado) Fuente de clasificación o esquema de estanterías Estado dañado Ubicación Sala donde se ubica Nombre de la colección Fecha de adquisición o compra Costo, precio normal en soles Signatura topográfica Código de Barras Última vez visto (Koha) Tipo de ítem (Koha)
No     Sala Hemeroteca Sala Hemeroteca Book Cart 2022-03-08 5.00 Procultura/N°extra/2010 REVC000672 2022-03-08 Revistas cusqueñas

Powered by Koha